| LEADER |
00645nam0a2200181 450 |
| 001 |
16820659 |
| 010 |
|
|
|a 978-2-203-04015-1
|b Br.
|d 9,95
|
| 100 |
|
|
|a 20120530d2012 u u0frey01 ba
|
| 101 |
0 |
|
|a fre
|
| 102 |
|
|
|a FR
|
| 200 |
0 |
|
|a Deviens pilote d'avion !
|e apprends à voler étape par étape
|f Nick Barnard
|
| 207 |
|
1 |
|a
|
| 210 |
|
|
|a Tournai (Belgique)
|b 28 Rue des Soeurs Noires.
|c Casterman
|d 2012
|
| 215 |
|
|
|a 48 p.
|c ill en coul
|d 23 cm
|
| 700 |
|
0 |
|a Barnard
|b Nick
|4 70
|
| 900 |
|
|
|a Documentaire jeunesse
|
| 901 |
|
|
|a Accessible au prêt
|
| 995 |
|
|
|a Bibliothèque
|c Bibliothèque
|f 00156009317744
|h 00156009317744
|k E 629.1 BAR
|o p
|q j
|r az
|e Bibliothèque
|